000 01097namaa22002771i 4500
003 EG-GICUC
005 20260309114711.0
008 260309s1966 ua ||||jr|||| 000 0 ara d
040 _aEG-GiCUC
_bara
_cEG-GiCUC
_dEG-GiCUC
_erda
082 0 4 _221
_a419
_bS1876
092 0 4 _221
_a419
_bS1876
099 _a419 S1876
100 1 _aالسمرائى، ابراهيم
_eمؤلف.
245 1 2 _aالتطور اللغوى التاريخي /
_cمحاضرات ألقاها ابراهيم السمرائي
264 _aالقاهرة (مصر) :
_bمعهد البحوث والدراسات العربية،
_c1966.
300 _a237 صفحة ؛
_c24 سم
_bإيضاحيات، صور، مثيليات ؛ Illustrations
336 _2rdacontent
_atext
337 _2rdamedia
_aUnmediated
338 _2rdacarrier
_avolume
504 _aيشتمل على ارجاعات ببليوجرافية.
541 _aد. جابر عصفور ؛
_bالقاهرة ؛
_cإهداء ؛
_d2024.
650 1 7 _aاللغة العربية
_xتاريخ
_2qrmak
651 1 _2qrmak
905 _aNermeen
942 _2ddc
_cBK
_e21
_n0
999 _c178956
_d178956